[Event "NED-ch U12 op"]
[Site "Borne"]
[Date "2013.08.09"]
[Round "9"]
[White "Kroon, Gerbrich"]
[Black "Segers, Job"]
[Result "0-1"]
[WhiteElo "671"]
[BlackElo "841"]
[PlyCount "70"]
[EventDate "2013.08.05"]
[EventType "swiss"]
[EventRounds "13"]
[EventCountry "NED"]
[SourceTitle "EXT 2015"]
[Source "ChessBase"]
[SourceDate "2014.11.20"]
[SourceVersion "1"]
[SourceVersionDate "2014.11.20"]
[SourceQuality "1"]

1. e4 e5 2. Nf3 Nf6 3. Nxe5 d6 4. Nf3 Nxe4 5. Qe2 Qe7 6. d3 Nf6 7. Bg5 Bg4 8. h3 Bxf3 9. Qxe7+ Bxe7 10. Bxf6 Bxf6 11. gxf3 Bxb2 12. c3 Bxa1 13. Bg2 0-0 14. 0-0 Re8 15. f4 Nc6 16. Rc1 Re2 17. Bd5 h6 18. Kf1 Re7 19. Nd2 Bb2 20. Rb1 Bxc3 21. Nc4 Rb8 22. Bxc6 b6 23. Bd5 Rbe8 24. Kg2 Re2 25. Rc1 Bd4 26. Kf1 Rxf2+ 27. Kg1 Rc2+ 28. Kh1 Rxc1+ 29. Kg2 Rg1+ 30. Kf3 Rf1+ 31. Kg4 g6 32. Kg3 Ree1 33. Nd2 Rg1+ 34. Kh2 Re2+ 35. Bg2 Rexg2# 0-1

[Event "NED-ch U12 op"]
[Site "Borne"]
[Date "2013.08.06"]
[Round "3"]
[White "Segers, Job"]
[Black "Kalkman, Lorena"]
[Result "1-0"]
[WhiteElo "841"]
[BlackElo "1010"]
[PlyCount "55"]
[EventDate "2013.08.05"]
[EventType "swiss"]
[EventRounds "13"]
[EventCountry "NED"]
[SourceTitle "EXT 2015"]
[Source "ChessBase"]
[SourceDate "2014.11.20"]
[SourceVersion "1"]
[SourceVersionDate "2014.11.20"]
[SourceQuality "1"]

1. d4 d5 2. c4 c6 3. Nc3 Nf6 4. Bf4 Bf5 5. Nf3 e6 6. e3 Bd6 7. Ne5 h6 8. Be2 0-0 9. 0-0 Ne4 10. Nxe4 Bxe4 11. cxd5 exd5 12. Bf3 Bf5 13. Re1 Qb6 14. e4 dxe4 15. Bxe4 Bxe4 16. Rxe4 Bxe5 17. Rxe5 Nd7 18. Re7 Nf6 19. Qd3 Rfe8 20. Qe3 Rxe7 21. Qxe7 Re8 22. Qd6 Nd5 23. Be3 Nxe3 24. fxe3 Rxe3 25. Qf4 Rd3 26. Re1 Rxd4 27. Re8+ Kh7 28. Qf5+ 1-0